| 000 | 00386nam a22001571a 4500 | ||
|---|---|---|---|
| 020 | _a9788126704538 | ||
| 082 |
_aH1 _bSAR/K |
||
| 100 | _aSarveshwar Dayal Saxena | ||
| 245 |
_aKavithayen (2)/ _cby Sarveshwar Dayal Saxena |
||
| 260 |
_aNew Delhi: _bRajkamal, _c2002. |
||
| 300 | _a166p. | ||
| 650 | _aPoetry Hindi | ||
| 650 | _aLiterature Hindi | ||
| 650 | _aLiterature | ||
| 942 | _cBK | ||
| 999 |
_c23577 _d23577 |
||